000 00879nam a22002657a 4500
005 20170124110037.0
010 _aA-933699
020 _c250.00
_a8120311388
035 _aA-933699
037 _bCen Lib/Ret
040 _aDPL
_bEN
082 _a658.503
_bNAR
100 _aNarasimhan, Seetharama L
_922802
245 _aProduction planning and inventory control /
_cby Seetharama L. Narasimhan, Dennis W. McLeavey [and] Peter J. Billington
250 _a2nd ed
260 _aNew Delhi
_bPrentice-Hall of India
_c1997
270 _aM-97, Connaught Circus
_bNew Delhi
_e110001
300 _axix,716p. :
_c23cm(Hb)
_bill.
500 _aIncludes index
650 _aProduction planning
_922803
650 _aInventory control
_922804
700 _aMcLeavey, Dennis W
_922805
700 _aBillington, Peter J
_922806
942 _2ddc
_cEN
_h658.503
_mNAR
999 _c128246
_d128246